Statistiques concernant Stations de ski françaises par altitude maximale

Cliquez ici pour prendre le quiz!

Statistiques générales

  • Ce quiz a été pris 137 fois
  • Le résultat moyen est 11 sur 27

Statistiques - réponses

AltitudeMassifStation% Correct
3230VanoiseLes 3 vallées
87%
3776Mont blancChamonix (Aiguille du Midi)
85%
3275Mont BlancChamonix (les Grands Montets)
85%
3456VanoiseTignes/Val d'Isère
82%
3167VanoiseLa Plagne
74%
3226VanoiseLes Arcs
72%
3523ÉcrinsLes 2 Alpes
66%
3327Grandes RoussesAlpe d'Huez
57%
2750ÉcrinsSerre Chevalier
54%
2737Mont CenisValcenis
47%
2585Mercantour
Isola 2000
35%
2730ParpaillonForêt Blanche
35%
2741CercesGalibier Thabor
31%
2803Alpes GréesEspace San Bernardo
27%
3534ÉcrinsLa Grave
26%
2590ArvesLes Sybelles
26%
2586QueyrasMontgenèvre
26%
2576Trois ÉvêchésEspace Lumière
25%
2725ÉcrinsOrcières Merlette
20%
2937Alpes GréesBonneval sur Arc
19%
2703ParpaillonLes Orres
19%
2677ÉcrinsPuy Saint Vincent
12%
2731Mont CenisValfréjus
12%
2742Mont CenisLa Norma
9%
2806EscreinsMolines en Queyras/Saint Véran
9%
2622Alpes GréesSainte Foy Tarentaise
9%
2670VanoiseAussois
8%

Distribution des résultats

Percentile par nombre de réponses

% des personnes avec chaque résultat

Votre développement - résultats

Vous n’avez pas pris ce quiz